000 00516nmm a2200157Ia 4500
008 251105s9999||||xx |||||||||||||||||und||
041 _aspa
100 _aTejedor Barrios, Carlos
245 0 _aConservación y restauración de objetos antiguos
264 _a[Madrid, España] :
_bMinisterio de Educación, Cultura y Deporte de España,
_c2012
300 _a184 páginas
490 _aAula Mentor
650 _aPainting & Decorative Arts
856 _uhttps://public.digitaliapublishing.com/a/20918
942 _cCF
999 _c98423
_d98423